| 000 | 00664cam a2200205 4500 | ||
|---|---|---|---|
| 001 | D2414 | ||
| 008 | 090401t1972 xxu||||| |||| 00| 0 eng d | ||
| 035 | _a(Sirsi) u69022 | ||
| 041 | _aeng | ||
| 050 |
_a025.4669 _c18 |
||
| 110 |
_aInternational Council for Building Research Studies and Documentation _91423 |
||
| 245 | _aMaster lists for structuring documents relating to buildings, building elements, components, materials and services | ||
| 260 |
_aStockholm _bCIB _c1972 |
||
| 300 |
_aviii, 71p. _c30cm |
||
| 350 | _a0 | ||
| 490 |
_aCIB Report _v18 |
||
| 690 | _aMANAGEMENT-BUSINESS MANAGEMENT-INFORMATION MANAGEMENT | ||
| 942 | _n0 | ||
| 948 | _c04/03/1997 | ||
| 999 |
_c95150 _d95150 |
||